000 01115nam0a22002891 4500
001 RU\NLR\INFOCOMM15\ROSSICA\1000001146
005 20250613192711.0
035 _a(NLR Aleph) 009957292
090 _a9584626
_c9584626
100 _a20030421d1766 |||y0rusy50 ca
101 0 _afre
102 _aRU
105 _ay ||||000ay
200 1 _aLes contre-tems, comédie par De la Grange
_fDe la Grange
210 _aSt.Pétersbourg
_d1766
215 _d
423 0 _12001#$aLa soirée à la mode, comédie par Poinsinet$fPoinsinet
_1700#1$aPoinsinet
_tLa soirée à la mode, comédie par Poinsinet
_aPoinsinet
423 0 _12001#$aZenéide, comédie par De Cahusac$eReprésentées en présence de S.M.I. sur un théâtre élevé exprès dans l'hôtel de S.E.M. le cpmte de Chérémétoff$fDe Cahusac
_1700#1$aDe Cahusac
_tZenéide, comédie par De Cahusac
_aDe Cahusac
600 1 _aChérémétoff
_cLe comte
_2PSBO
700 1 _aDe la Grange
_4070
801 1 _aRU
_bInfoComm
_c20030421
801 0 _aRU
_bNLR
_gPSBO
852 _aNLR
_j13.4.2.593
942 _cBOOK
980 _aNB
980 _aRossica